| 000 | 00990nam a2200289 a 4500 | ||
|---|---|---|---|
| 001 | 26424 | ||
| 003 | CO-ViMGA | ||
| 008 | 141112s2004 ck r 000 u spa d | ||
| 015 | _aNSN | ||
| 020 | _a9588211312 | ||
| 040 |
_aCO-ViMGA _bspa _cCO-ViMGA |
||
| 041 |
_aspa _beng |
||
| 043 | _ae - fr - - - | ||
| 082 | 0 | 4 | _aI843 S14a1 2011 |
| 100 | 1 |
_aSaint - Exupéry, Antoine de 1900 - 1944 _93608 |
|
| 245 | 1 | 0 | _aEl principito Antoine de Saint - Exupéry ; introducción Arturo Alvarado |
| 260 | _aBogotá Edigrama 2011. | ||
| 300 | _a95 p. ilustraciones 21 cm. | ||
| 541 | _29.000; 1 c. | ||
| 546 | _aTexto en Español, traducción paralela en Inglés. | ||
| 596 | _a2 | ||
| 650 | 1 | 4 |
_aCuentos infantiles franceses _92812 |
| 700 | 1 |
_aAlvarado, Arturo Pról. _93609 |
|
| 926 | _aB - GENERAL PRESTADO I843 S14A1 2011 LITERATURA 2/2/2015 1 | ||
| 942 |
_2ddc _cBK |
||
| 999 |
_c9966 _d9966 |
||